Vizitkou bude konkurencieschopnosť

Regióny si musia správne vytýčiť cestu rozvoja a vybrať primerané nástroje. Rozvoj každého regiónu je vždy jedinečným súhrnom aktivít. Tri skupiny nástrojov, ktoré sa môžu použiť na podporu regionálneho rozvoja - základné ekonomické nástroje podpory, finančná podpora zo štrukturálnych a iných fondov...

ver descrição completa

Na minha lista:
Detalhes bibliográficos
Autor principal: Mrva, Miloš
Formato: Capítulo de Livro
Idioma:eslovaco
Assuntos:
Tags: Adicionar Tag
Sem tags, seja o primeiro a adicionar uma tag!

MARC

LEADER 00000naa$a2200000$$$4500
001 0068284
005 20231016085311.4
041 0 |a slo 
044 |a SK 
245 1 0 |a Vizitkou bude konkurencieschopnosť  |c Miloš Mrva 
520 |a Regióny si musia správne vytýčiť cestu rozvoja a vybrať primerané nástroje. Rozvoj každého regiónu je vždy jedinečným súhrnom aktivít. Tri skupiny nástrojov, ktoré sa môžu použiť na podporu regionálneho rozvoja - základné ekonomické nástroje podpory, finančná podpora zo štrukturálnych a iných fondov EÚ a nefinančné nástroje podpory. Dominancia eurofondov. Nefinančné nástroje pomoci. Nefinančná pomoc regionálnych rozvojových agentúr. 
610 2 0 |a rozvoj regionálny 
610 2 0 |a regióny 
610 2 0 |a nástroje finančné 
610 2 0 |a fondy štruktúrne 
610 2 0 |a agentúry 
610 2 0 |a poradenstvo 
610 2 0 |a Slovensko 
100 1 |a Mrva, Miloš